Authoring interactive multimedia / (Record no. 179997)

000 -LEADER
fixed length control field 01282 a2200229 4500
003 - CONTROL NUMBER IDENTIFIER
control field NUST
005 - DATE AND TIME OF LATEST TRANSACTION
control field 20221025130742.0
010 ## - LIBRARY OF CONGRESS CONTROL NUMBER
LC control number 93048883
020 ## - INTERNATIONAL STANDARD BOOK NUMBER
International Standard Book Number 0124604307 (acid-free paper)
040 ## - CATALOGING SOURCE
Transcribing agency Nust
082 00 - DEWEY DECIMAL CLASSIFICATION NUMBER
Classification number 006.6,LUT
100 1# - MAIN ENTRY--PERSONAL NAME
Personal name Luther, Arch C.
9 (RLIN) 75651
245 10 - TITLE STATEMENT
Title Authoring interactive multimedia /
Statement of responsibility, etc. Arch C. Luther.
260 ## - PUBLICATION, DISTRIBUTION, ETC.
Place of publication, distribution, etc. Boston :
Name of publisher, distributor, etc. AP Professional,
Date of publication, distribution, etc. c1994.
300 ## - PHYSICAL DESCRIPTION
Extent xvii, 298 p. :
Other physical details ill. ;
Dimensions 24 cm. +
Accompanying material 1 computer laser optical disc (4 3/4 in.)
440 #4 - SERIES STATEMENT/ADDED ENTRY--TITLE
Title The IBM tools series
9 (RLIN) 101344
505 ## - FORMATTED CONTENTS NOTE
Formatted contents note Introduction (Page 1),The Authoring Process (Page-17), Platforms and Operating Systems (Page- 31), Author Interfaces (Page-57), Authoring Languages (Page- 77), Still Images (Page- 95), Graphics and Text (Page-117), Audio and Video (Page-135), Animation (Page -155), Integrating Objects from Other Applications (Page -171), Choosing Authoring Tools (Page- 183), Using Your Authoring Tools (Page-207), Authoring Linear Presentations (Page- 219), Authoring for Training or Education (Page -229), Authoring for Information Delivery (Page- 237),Trends in Multimedia Authoring (Page- 247).
650 #0 - SUBJECT ADDED ENTRY--TOPICAL TERM
Topical term or geographic name entry element Interactive multimedia.
9 (RLIN) 31327
650 #0 - SUBJECT ADDED ENTRY--TOPICAL TERM
Topical term or geographic name entry element Multimedia systems.
9 (RLIN) 36511
650 #0 - SUBJECT ADDED ENTRY--TOPICAL TERM
Topical term or geographic name entry element System design.
9 (RLIN) 2255
942 ## - ADDED ENTRY ELEMENTS (KOHA)
Source of classification or shelving scheme
Koha item type Book
Call number prefix 006.6,LUT
Holdings
Withdrawn status Lost status Source of classification or shelving scheme Damaged status Not for loan Permanent Location Current Location Shelving location Date acquired Full call number Barcode Date last seen Price effective from Koha item type Public note
          Military College of Signals (MCS) Military College of Signals (MCS) General Stacks 12/12/2016 006.6,LUT MCS1962 12/08/2016 12/12/2016 Book Almirah No.7, Shelf No.5
© 2023 Central Library, National University of Sciences and Technology. All Rights Reserved.